<?xml version="1.0" encoding="UTF-8"?>
<record
    xmlns:xsi="http://www.w3.org/2001/XMLSchema-instance"
    xsi:schemaLocation="http://www.loc.gov/MARC21/slim http://www.loc.gov/standards/marcxml/schema/MARC21slim.xsd"
    xmlns="http://www.loc.gov/MARC21/slim">

  <leader>00733nam a22001577a 4500</leader>
  <controlfield tag="003">OSt</controlfield>
  <controlfield tag="005">20151212081410.0</controlfield>
  <controlfield tag="008">151212b        xxu||||| |||| 00| 0 eng d</controlfield>
  <datafield tag="040" ind1=" " ind2=" ">
    <subfield code="c">RUA</subfield>
  </datafield>
  <datafield tag="082" ind1=" " ind2=" ">
    <subfield code="a">ATM.s VA 2004 B203 Or.1</subfield>
  </datafield>
  <datafield tag="100" ind1=" " ind2=" ">
    <subfield code="9">4739</subfield>
    <subfield code="a">VA, PHAVY.</subfield>
  </datafield>
  <datafield tag="245" ind1=" " ind2=" ">
    <subfield code="a">Study on management of acacia plantation in meanok area of sammaki meanchey district kampong chhnang province, &#x179F;&#x17B7;&#x1780;&#x17D2;&#x179F;&#x17B6;&#x1780;&#x17B6;&#x179A;&#x1782;&#x17D2;&#x179A;&#x1794;&#x17CB;&#x1782;&#x17D2;&#x179A;&#x1784;&#x1785;&#x17C6;&#x1780;&#x17B6;&#x179A;&#x17A2;&#x17B6;&#x1780;&#x17B6;&#x179F;&#x17D2;&#x1799;&#x17B6;&#x1793;&#x17C5;&#x178F;&#x17C6;&#x1794;&#x1793;&#x17CB;&#x1798;&#x17B6;&#x200B; &#x1793;&#x1780;&#x200B;&#x200B;&#x200B;&#x200B;&#x200B;&#x200B;&#x200B;&#x200B;&#x179F;&#x17D2;&#x179A;&#x17BB;&#x1780;&#x179F;&#x17B6;&#x1798;&#x1782;&#x17D2;&#x1782;&#x17B8;&#x1798;&#x17B6;&#x1793;&#x1787;&#x17D0;&#x1799; &#x1781;&#x17C1;&#x178F;&#x17D2;&#x178F;&#x1780;&#x17C6;&#x1796;&#x1784;&#x17CB;&#x1786;&#x17D2;&#x1793;&#x17B6;&#x17C6;&#x1784;</subfield>
  </datafield>
  <datafield tag="260" ind1=" " ind2=" ">
    <subfield code="a">Phnom Penh</subfield>
    <subfield code="b">RUA</subfield>
    <subfield code="c">2004</subfield>
  </datafield>
  <datafield tag="300" ind1=" " ind2=" ">
    <subfield code="a">vii; 41p.</subfield>
    <subfield code="b">ill.</subfield>
    <subfield code="c">29cm.</subfield>
  </datafield>
  <datafield tag="942" ind1=" " ind2=" ">
    <subfield code="2">ddc</subfield>
    <subfield code="c">ATMSP</subfield>
  </datafield>
  <datafield tag="999" ind1=" " ind2=" ">
    <subfield code="c">4416</subfield>
    <subfield code="d">4416</subfield>
  </datafield>
  <datafield tag="952" ind1=" " ind2=" ">
    <subfield code="0">0</subfield>
    <subfield code="1">0</subfield>
    <subfield code="2">ddc</subfield>
    <subfield code="4">0</subfield>
    <subfield code="6">ATM__S_VA_2004_000000000000000_B203_OR_1</subfield>
    <subfield code="7">0</subfield>
    <subfield code="9">22795</subfield>
    <subfield code="a">LBB</subfield>
    <subfield code="b">LBB</subfield>
    <subfield code="c">B203</subfield>
    <subfield code="d">2015-12-12</subfield>
    <subfield code="o">ATM.s VA 2004 B203 Or.1</subfield>
    <subfield code="p">RUA033815</subfield>
    <subfield code="r">2015-12-12</subfield>
    <subfield code="w">2015-12-12</subfield>
    <subfield code="y">ATMSP</subfield>
  </datafield>
  <datafield tag="952" ind1=" " ind2=" ">
    <subfield code="0">0</subfield>
    <subfield code="1">0</subfield>
    <subfield code="2">ddc</subfield>
    <subfield code="4">0</subfield>
    <subfield code="6">ATM__S_VA_2004_000000000000000_B203_OR_2</subfield>
    <subfield code="7">0</subfield>
    <subfield code="9">22796</subfield>
    <subfield code="a">LBB</subfield>
    <subfield code="b">LBB</subfield>
    <subfield code="c">B203</subfield>
    <subfield code="d">2015-12-12</subfield>
    <subfield code="o">ATM.s VA 2004 B203 Or.2</subfield>
    <subfield code="p">RUA033688</subfield>
    <subfield code="r">2015-12-12</subfield>
    <subfield code="w">2015-12-12</subfield>
    <subfield code="y">ATMSP</subfield>
  </datafield>
  <datafield tag="952" ind1=" " ind2=" ">
    <subfield code="0">0</subfield>
    <subfield code="1">0</subfield>
    <subfield code="2">ddc</subfield>
    <subfield code="4">0</subfield>
    <subfield code="6">ATM__S_VA_2004_000000000000000_B203_OR_3</subfield>
    <subfield code="7">0</subfield>
    <subfield code="9">22797</subfield>
    <subfield code="a">LBB</subfield>
    <subfield code="b">LBB</subfield>
    <subfield code="c">B203</subfield>
    <subfield code="d">2015-12-12</subfield>
    <subfield code="o">ATM.s VA 2004 B203 Or.3</subfield>
    <subfield code="p">RUA033676</subfield>
    <subfield code="r">2015-12-12</subfield>
    <subfield code="w">2015-12-12</subfield>
    <subfield code="y">ATMSP</subfield>
  </datafield>
  <datafield tag="952" ind1=" " ind2=" ">
    <subfield code="0">0</subfield>
    <subfield code="1">0</subfield>
    <subfield code="2">ddc</subfield>
    <subfield code="4">0</subfield>
    <subfield code="6">ATM__S_VA_2004_000000000000000_B203_OR_4</subfield>
    <subfield code="7">0</subfield>
    <subfield code="9">22798</subfield>
    <subfield code="a">LBB</subfield>
    <subfield code="b">LBB</subfield>
    <subfield code="c">B203</subfield>
    <subfield code="d">2015-12-12</subfield>
    <subfield code="o">ATM.s VA 2004 B203 Or.4</subfield>
    <subfield code="p">RUA033865</subfield>
    <subfield code="r">2015-12-12</subfield>
    <subfield code="w">2015-12-12</subfield>
    <subfield code="y">ATMSP</subfield>
  </datafield>
  <datafield tag="952" ind1=" " ind2=" ">
    <subfield code="0">0</subfield>
    <subfield code="1">0</subfield>
    <subfield code="2">ddc</subfield>
    <subfield code="4">0</subfield>
    <subfield code="6">ATM__S_VA_2004_000000000000000_B203_OR_5</subfield>
    <subfield code="7">0</subfield>
    <subfield code="9">22799</subfield>
    <subfield code="a">LBB</subfield>
    <subfield code="b">LBB</subfield>
    <subfield code="c">B203</subfield>
    <subfield code="d">2015-12-12</subfield>
    <subfield code="o">ATM.s VA 2004 B203 Or.5</subfield>
    <subfield code="p">RUA039140</subfield>
    <subfield code="r">2015-12-12</subfield>
    <subfield code="w">2015-12-12</subfield>
    <subfield code="y">ATMSP</subfield>
  </datafield>
  <datafield tag="952" ind1=" " ind2=" ">
    <subfield code="0">0</subfield>
    <subfield code="1">0</subfield>
    <subfield code="2">ddc</subfield>
    <subfield code="4">0</subfield>
    <subfield code="6">ATM__S_VA_2004_000000000000000_B203_OR_6</subfield>
    <subfield code="7">0</subfield>
    <subfield code="9">22800</subfield>
    <subfield code="a">LBB</subfield>
    <subfield code="b">LBB</subfield>
    <subfield code="c">B203</subfield>
    <subfield code="d">2015-12-12</subfield>
    <subfield code="o">ATM.s VA 2004 B203 Or.6</subfield>
    <subfield code="p">RUA038792</subfield>
    <subfield code="r">2015-12-12</subfield>
    <subfield code="w">2015-12-12</subfield>
    <subfield code="y">ATMSP</subfield>
  </datafield>
  <datafield tag="952" ind1=" " ind2=" ">
    <subfield code="0">0</subfield>
    <subfield code="1">0</subfield>
    <subfield code="2">ddc</subfield>
    <subfield code="4">0</subfield>
    <subfield code="6">ATM__S_VA_2004_000000000000000_B203_OR_7</subfield>
    <subfield code="7">0</subfield>
    <subfield code="9">22801</subfield>
    <subfield code="a">LBB</subfield>
    <subfield code="b">LBB</subfield>
    <subfield code="c">B203</subfield>
    <subfield code="d">2015-12-12</subfield>
    <subfield code="o">ATM.s VA 2004 B203 Or.7</subfield>
    <subfield code="p">RUA038009</subfield>
    <subfield code="r">2015-12-12</subfield>
    <subfield code="w">2015-12-12</subfield>
    <subfield code="y">ATMSP</subfield>
  </datafield>
  <datafield tag="952" ind1=" " ind2=" ">
    <subfield code="0">0</subfield>
    <subfield code="1">0</subfield>
    <subfield code="2">ddc</subfield>
    <subfield code="4">0</subfield>
    <subfield code="6">ATM__S_VA_2004_000000000000000_B203_OR_8</subfield>
    <subfield code="7">0</subfield>
    <subfield code="9">22802</subfield>
    <subfield code="a">LBB</subfield>
    <subfield code="b">LBB</subfield>
    <subfield code="c">B203</subfield>
    <subfield code="d">2015-12-12</subfield>
    <subfield code="o">ATM.s VA 2004 B203 Or.8</subfield>
    <subfield code="p">RUA038196</subfield>
    <subfield code="r">2015-12-12</subfield>
    <subfield code="w">2015-12-12</subfield>
    <subfield code="y">ATMSP</subfield>
  </datafield>
  <datafield tag="952" ind1=" " ind2=" ">
    <subfield code="0">0</subfield>
    <subfield code="1">0</subfield>
    <subfield code="2">ddc</subfield>
    <subfield code="4">0</subfield>
    <subfield code="6">ATM__S_VA_2004_000000000000000_B203_OR_9</subfield>
    <subfield code="7">0</subfield>
    <subfield code="9">22803</subfield>
    <subfield code="a">LBB</subfield>
    <subfield code="b">LBB</subfield>
    <subfield code="c">B203</subfield>
    <subfield code="d">2015-12-12</subfield>
    <subfield code="o">ATM.s VA 2004 B203 Or.9</subfield>
    <subfield code="p">RUA038663</subfield>
    <subfield code="r">2015-12-12</subfield>
    <subfield code="w">2015-12-12</subfield>
    <subfield code="y">ATMSP</subfield>
  </datafield>
  <datafield tag="952" ind1=" " ind2=" ">
    <subfield code="0">0</subfield>
    <subfield code="1">0</subfield>
    <subfield code="2">ddc</subfield>
    <subfield code="4">0</subfield>
    <subfield code="6">ATM__S_VA_2004_000000000000000_B203_OR_10</subfield>
    <subfield code="7">0</subfield>
    <subfield code="9">22804</subfield>
    <subfield code="a">LBB</subfield>
    <subfield code="b">LBB</subfield>
    <subfield code="c">B203</subfield>
    <subfield code="d">2015-12-12</subfield>
    <subfield code="o">ATM.s VA 2004 B203 Or.10</subfield>
    <subfield code="p">RUA038369</subfield>
    <subfield code="r">2015-12-12</subfield>
    <subfield code="w">2015-12-12</subfield>
    <subfield code="y">ATMSP</subfield>
  </datafield>
</record>
